Blackness without ethnicity (Record no. 189331)
[ view plain ]
| 000 -LEADER | |
|---|---|
| fixed length control field | 02027nam a2200373Ia 4500 |
| 082 04 - DEWEY DECIMAL CLASSIFICATION NUMBER | |
| Classification number | 305.896/08142 |
| 100 1# - MAIN ENTRY--AUTHOR NAME | |
| Personal name | Sansone, Livio. |
| 245 10 - TITLE STATEMENT | |
| Title | Blackness without ethnicity |
| 260 ## - PUBLICATION, DISTRIBUTION, ETC. (IMPRINT) | |
| Place of publication | New York : |
| Name of publisher | Palgrave, |
| Year of publication | 2003. |
| 300 ## - PHYSICAL DESCRIPTION | |
| Number of Pages | viii, 248 p. : |
| Other physical details | ill. |
| 505 0# - FORMATTED CONTENTS NOTE | |
| Formatted contents note | Introduction: An Afro-Latin Paradox?: Ambiguous Ethnic Lines, Sharp Class Divisions, and Vital Black Culture -- Ch. 1. Negro Parents, Black Children: Racial Classification in a Changing Brazil -- Ch. 2. A Contested Icon: On the Use and Abuse of Africa in Elite and Popular Brazilian Culture -- Ch. 3. The Local and the Global in Today's Afro-Bahia -- Ch. 4. "Glocal" Funk in Bahia and in Rio: Local Interpretations of Black Globalization -- Ch. 5. Being Black in Two Cities: Comparing Lower-Class Black Youth in Salvador and Amsterdam -- Conclusion: The Place of Brazil in the Black Atlantic. |
| 650 #0 - SUBJECT ADDED ENTRY--TOPICAL TERM | |
| Topical Term | Blacks |
| Topical Term | Globalization |
| Topical Term | Popular culture |
| Topical Term | Social change |
| 856 40 - ELECTRONIC LOCATION AND ACCESS | |
| Uniform Resource Identifier | http://site.ebrary.com/lib/rucke/Doc?id=10135732 |
No items available.
